Uplatnenie princípov obehového hospodárstva v podmienkach vybranej firmy diplomová práca

Gespeichert in:
Bibliographische Detailangaben
1. Verfasser: Popovičová, Alena
Körperschaft: Podnikovohospodárska fakulta EU so sídlom v Košiciach. Katedra ekonómie
Weitere Verfasser: Stričík, Michal, 1969-
Format: Buch
Sprache:Slowakisch
Veröffentlicht: Košice 2021
Tags: Tag hinzufügen
Keine Tags, Fügen Sie das erste Tag hinzu!

MARC

LEADER 00000nbm a2200000 4500
001 0274113
005 20240827093120.3
041 0 |a slo 
044 |a SK 
245 1 0 |a Uplatnenie princípov obehového hospodárstva v podmienkach vybranej firmy  |b diplomová práca  |c Alena Popovičová ; školiteľ: Michal Stričík 
264 1 |a Košice  |c 2021 
300 |a 67 s. 
100 1 |a Popovičová, Alena 
700 1 |a Stričík, Michal, 1969- 
710 2 |a Podnikovohospodárska fakulta EU so sídlom v Košiciach. Katedra ekonómie